000
00246nam a22000857a 4500
008
160718b xxu||||| |||| 00| 0 eng d
100
_9
2974
_a
Mulgaokar, K
245
_a
More Tales from the Arabian Nights
260
_a
New Delhi
_b
Orient Publication
_c
2004
999
_c
2537
_d
2537